Brokeback Mountain monologue - Statistics

General Stats
  • This quiz has been taken 84 times
  • The average score is 4 of 13
Answer Stats
Answer % Correct
But you didn’t want it Ennis
68%
And I’ll say it just once
55%
Go ahead !
55%
Yeah, well, try this one
45%
Had us a place of our own
43%
Tell you what ?
43%
So what we got now is Brokeback Mountain
41%
A fuckin real good life
20%
Fuckin all
16%
We could of had a good life together
14%
Everything built on that
11%
So I hope you know that if you don’t never know the rest
11%
It’s all we got boy
7%
No matching quizzes found
Score Distribution
Percent of People with Each Score
Percentile by Number Answered
Your Score History
You have not taken this quiz